| 000 | 00350 a2200157 4500 | ||
|---|---|---|---|
| 001 | 47806 | ||
| 020 | _a9788566485004 | ||
| 040 | _cAnchieta - Aquarius | ||
| 100 | _aBittencourt, Maria Nadja Nunes | ||
| 240 | 1 | 0 |
_aIsa Isa Isabela _lpor |
| 245 | 1 | 0 | _aIsa Isa Isabela |
| 300 | _a25 | ||
| 362 | 0 | _a2012 | |
| 650 | 4 | _aLiteratura infantil | |
| 942 | _cBK | ||
| 999 |
_c47806 _d47806 |
||